000 00614nam a2200241Ia 4500
003 OSt
005 20220918214050.0
006 a|||||r|||| 00| 0
007 ta
008 220917b |||||||| |||| 00| 0 eng d
024 _a135,727
037 _cTextual
040 _aARTS
_cARTS
_beng
041 _2eng
_aeng
082 _aX:77.1, N2
100 _aSharma Soumitra ed
_9129727
245 0 _aDevelopment policy
260 _aLondon
_bMacmillan
_c1992
300 _axv,246p.
_ccm.
650 _aECONOMICS
942 _hX:77.1, N2
_cTEXL
_2CC
999 _c258819
_d258819